| 000 | 00402nam a2200133 4500 | ||
|---|---|---|---|
| 999 |
_c121981 _d121981 |
||
| 005 | 20210417123206.0 | ||
| 008 | 210417b ||||| |||| 00| 0 eng d | ||
| 040 | _cPK-LaUMT | ||
| 082 |
_a348.5491 _bPAK- |
||
| 245 |
_aPakistan supreme court cases [ PSC (Crl.), 2020, Vol. XXIX ] / _cedited by A S Arieen . . . [et al.] |
||
| 260 |
_aLahore : _bPSC Publishers, _c2020 |
||
| 300 | _a2 vols. | ||
| 942 | _cBK | ||